2023/24 English Football Stadiums - Statistics

General Stats
  • This quiz has been taken 219 times
  • The average score is 45 of 92
Answer Stats
League Team Stadium % Correct
Premier League Arsenal Emirates
97%
Premier League Aston Villa Villa Park
95%
Premier League Liverpool Anfield
93%
Premier League Manchester City Etihad
93%
Premier League Manchester United Old Trafford
93%
Premier League Chelsea Stamford Bridge
92%
League One Exeter City St James Park
89%
Premier League Newcastle United St James Park
89%
Premier League Everton Goodison Park
87%
Premier League Burnley Turf Moor
87%
Premier League Fulham Craven Cottage
85%
Premier League Crystal Palace Selhurst Park
83%
Premier League West Ham United London Stadium
82%
Premier League Brighton & Hove Albion The Amex
82%
Premier League Wolverhampton Wanderers Molineux
80%
Premier League Tottenham Hotspur Tottenham Hotspur Stadium
80%
Championship Sunderland Stadium of Light
79%
Premier League Nottingham Forest City Ground
77%
Championship Leeds United Elland Road
76%
Championship Southampton St Marys
75%
Championship Sheffield United Bramall Lane
74%
Championship Leicester City King Power Stadium
73%
Premier League Bournemouth Vitality Stadium
72%
Premier League Luton Town Kenilworth Road
71%
Championship Millwall The Den
70%
Championship Norwich City Carrow Road
69%
Championship Watford Vicarage Road
69%
Premier League Brentford Brentford Community Stadium
67%
Championship Sheffield Wednesday Hillsborough
67%
Championship Birmingham City St Andrews
67%
Championship West Bromwich Albion The Hawthorns
67%
Championship Queens Park Rangers Loftus Road
64%
Championship Ipswich Town Portman Road
61%
League One Charlton Athletic The Valley
60%
Championship Stoke City Bet365 Stadium
59%
Championship Blackburn Rovers Ewood Park
59%
Championship Bristol City Ashton Gate
58%
Championship Middlesbrough Riverside Stadium
58%
Championship Preston North End Deepdale
57%
Championship Cardiff City Cardiff City Stadium
55%
League One Derby County Pride Park
55%
League One Portsmouth Fratton Park
52%
Championship Blackpool Bloomfield Road
49%
Championship Plymouth Argyle Home Park
49%
Championship Rotherham United New York Stadium
47%
League One Milton Keynes Dons Stadium MK
47%
League One Port Vale Vale Park
46%
Championship Huddersfield Town John Smiths Stadium
44%
League Two Bradford City Valley Parade
44%
League One Wigan Athletic DW Stadium
41%
League One Barnsley Oakwell
41%
Championship Swansea City Swansea.com Stadium
41%
League One Oxford United Kassam Stadium
40%
Championship Hull City KCOM
38%
League One Wycombe Wanderers Adams Park
37%
League One Fleetwood Town Highbury
37%
League One Burton Albion Pirelli
37%
Championship Coventry City Coventry Building Society Arena
35%
League One Cambridge United Abbey Stadium
34%
League Two Swindon Town County Ground
33%
League Two Doncaster Rovers Keepmoat
33%
League Two AFC Wimbledon Plough Lane
33%
League Two Wrexham Racecourse Ground
32%
League Two Leyton Orient Brisbane Road
31%
League One Reading Madejski Stadium
31%
League Two Carlisle United Brunton Park
29%
League Two Newport County Rodney Parade
29%
League One Bolton Wanderers University of Bolton
29%
League Two Notts County Meadow Lane
28%
League One Bristol Rovers Memorial Stadium
28%
League One Northampton Town Sixfields
28%
League Two Forest Green Rovers The New Lawn
28%
League Two Tranmere Rovers Prenton Park
27%
League One Peterborough United The Weston Homes Stadium
27%
League Two Gillingham Priestfield Stadium
24%
League Two Walsall Bescot
22%
League One Lincoln City LNER Stadium
19%
League One Stevenage The Lamex
19%
League Two Grimsby Town Blundell Park
18%
League Two Accrington Stanley Crown Ground
17%
League One Morecambe Globe Arena
17%
League Two Crawley Town Broadfield
15%
League Two Stockport County Edgeley Park
15%
League Two Barrow Holker Street
14%
League Two Crewe Alexandra Mornflake Stadium
13%
League One Cheltenham Town Completely Suzuki Stadium
11%
League Two Mansfield Town OneCall Stadium
11%
League Two Salford City Peninsula Stadium
11%
League Two Colchester United Job Serve Community Stadium
10%
League Two Sutton United Gander Green Lane
9%
League One Shrewsbury Town Montgomery Waters Meadow
7%
League Two Harrogate Town Wetherby Road
7%
No matching quizzes found
Score Distribution
Percent of People with Each Score
Percentile by Number Answered
Your Score History
You have not taken this quiz